Online
Catalog

Poesía escogida / (Record no. 18490)

MARC details
000 -CABECERA
campo de control de longitud fija 00792cam a2200241 a 4500
001 - NÚMERO DE CONTROL
campo de control 000018972
005 - FECHA Y HORA DE LA ÚLTIMA TRANSACCIÓN
campo de control 20200929165906.0
008 - DATOS DE LONGITUD FIJA--INFORMACIÓN GENERAL
campo de control de longitud fija 880808s1989 cu 000 p spa d
035 ## - NÚMERO DE CONTROL DEL SISTEMA
Número de control de sistema OCLC 11550497 from hwo127
040 ## - FUENTE DE LA CATALOGACIÓN
Centro catalogador/agencia de origen DO-SdBNP
Centro/agencia transcriptor DLC
Centro/agencia modificador m/c
-- BNGR
082 ## - NÚMERO DE LA CLASIFICACIÓN DECIMAL DEWEY
Número de clasificación ES861.44
Número de documento/Ítem D152p
049 ## - FONDOS LOCALES (OCLC)
Fondos de biblioteca BNGR
100 1# - ENTRADA PRINCIPAL--NOMBRE DE PERSONA
Nombre de persona Dalton, Roque,
Fechas asociadas al nombre 1935-1975
9 (RLIN) 9961
245 10 - MENCIÓN DE TÍTULO
Título Poesía escogida /
Mención de responsabilidad, etc. Roque Dalton ; prólogo Víctor Casaus ; edición Dania Pérez Rubio.
260 ## - PUBLICACIÓN, DISTRIBUCIÓN, ETC.
Lugar de publicación, distribución, etc. La Habana, Cuba :
Nombre del editor, distribuidor, etc. Arte y Literatura,
Fecha de publicación, distribución, etc. 1989.
300 ## - DESCRIPCIÓN FÍSICA
Extensión 422 p. ;
Dimensiones 18 cm.
650 #4 - PUNTO DE ACCESO ADICIONAL DE MATERIA--TÉRMINO DE MATERIA
Término de materia o nombre geográfico como elemento de entrada Poesía salvadoreña
9 (RLIN) 12306
650 #4 - PUNTO DE ACCESO ADICIONAL DE MATERIA--TÉRMINO DE MATERIA
Término de materia o nombre geográfico como elemento de entrada Literatura salvadoreña
9 (RLIN) 2929
700 1# - PUNTO DE ACCESO ADICIONAL--NOMBRE DE PERSONA
Nombre de persona Casaus, Víctor,
Término indicativo de función/relación pról.
9 (RLIN) 40817
700 1# - PUNTO DE ACCESO ADICIONAL--NOMBRE DE PERSONA
Nombre de persona Pérez Rubio, Dania,
Término indicativo de función/relación ed.
9 (RLIN) 5482
910 ## - DATOS DE OPCIÓN DEL USUARIO (OCLC)
Datos de opción del usuario Catalogación derivada / LC
910 ## - DATOS DE OPCIÓN DEL USUARIO (OCLC)
Datos de opción del usuario WM
Holdings
Estado de retiro Estado de pérdida Restricciones de uso No para préstamo Código de colección Localización permanente Ubicación/localización actual Ubicación en estantería Fecha de adquisición Número de inventario Total de préstamos Signatura topográfica completa Código de barras Fecha visto por última vez Precio válido a partir de Tipo de ítem Koha
        Monografías: Libros y Folletos General General Depósito 21.05.2010 LF1   ES861.44 D152p 18972-10 25.06.2020 25.06.2020 Préstamo en sala

Powered by Koha